Centrá zdieľaných služieb na Slovensku a ich prepojenosť na náš spracovateľský priemysel

V posledných rokoch sa na Slovensku rýchlo rozširuje mladé odvetvie centier podnikových služieb. Zastrešuje najmä oblasť IT podpory, finančných a administratívnych služieb, HR či auditu. Relatívne novým trendom je aj zriaďovanie centier priemyselnými firmami, ktoré už na Slovensku majú svoje výrobné...

Descripción completa

Guardado en:
Detalles Bibliográficos
Autor principal: Stracová, Erika, 1993-
Formato: Capítulo de libro
Lenguaje:eslovaco
Materias:
Etiquetas: Agregar Etiqueta
Sin Etiquetas, Sea el primero en etiquetar este registro!

MARC

LEADER 00000nla a2200000 4500
001 0246482
005 20240502073945.6
041 0 |a slo 
044 |a SK 
245 1 0 |a Centrá zdieľaných služieb na Slovensku a ich prepojenosť na náš spracovateľský priemysel  |c Erika Stracová 
520 |a V posledných rokoch sa na Slovensku rýchlo rozširuje mladé odvetvie centier podnikových služieb. Zastrešuje najmä oblasť IT podpory, finančných a administratívnych služieb, HR či auditu. Relatívne novým trendom je aj zriaďovanie centier priemyselnými firmami, ktoré už na Slovensku majú svoje výrobné fabriky. Odvetvia v ktorých centrá pôsobia a akú významnú časť ich zamestnanosti tvoria. 
610 2 0 |a služby podnikateľské 
610 2 0 |a technológie informačné 
610 2 0 |a technológie komunikačné 
610 2 0 |a priemysel spracovateľský 
610 2 0 |a outsourcing 
610 2 0 |a služby finančné 
610 2 0 |a služby poradenské 
610 2 0 |a ekonomika zdieľaná 
610 2 0 |a podnik priemyselný 
100 1 |a Stracová, Erika, 1993-